| 000 | 01230cam a2200229 4500 | ||
|---|---|---|---|
| 001 | WB3712-02 | ||
| 008 | 000000n2001 000 0 eng u | ||
| 035 | _a(Sirsi) u111509 | ||
| 245 | _aRight of way | ||
| 260 | _c2001 | ||
| 490 |
_aEstates Gazette Case Summaries _v[2001] EGCS 33 (1) (17/03/01) |
||
| 520 | _a"Nationwide Building Society v James Beauchamp" CA 2 March 2001.N began proceedings against J in July 1994 claiming that security obtained on the purchase of 10 plots was defective as it did not include provision for the estate road preventing local authority adoption of the road. J contended the claimant could build the road due to their right to perform any obligation that the borrowers had failed to perform. On appeal by the defendant it was ruled that a right of way over the land had been granted and that, as the borrowers had a right to construct the road to adoption standard, the claimant would have a similar right. | ||
| 590 | _aWB | ||
| 650 | _aACCESS | ||
| 650 | _aROAD ACCESS | ||
| 650 | _aRIGHTS OF WAY | ||
| 650 | _aADOPTION OF ROADS | ||
| 650 | _aSOLICITORS NEGLIGENCE | ||
| 650 | _aNATIONWIDE BUILDING SOCIETY V JAMES BEAUCHAMP | ||
| 690 |
_aBoundary disputes _96221 |
||
| 942 | _n0 | ||
| 999 |
_c66450 _d66450 |
||